Statistics for US States Bordering an "T-State"

Click here to take the quiz!

General Stats

  • This quiz has been taken 34 times
  • The average score is 11 of 12

Answer Stats

Hint Answer % Correct
Oklahoma
100%
New Mexico
100%
Arkansas
97%
Kentucky
97%
Louisiana
97%
TennesseeAlabama
94%
Mississippi
94%
Virginia
94%
Missouri
91%
North Carolina
88%
Georgia
82%

Score Distribution

Percentile by Number Answered

Percent of People with Each Score

Your Score History

You have not taken this quiz